000 00668nam a2200289Ia 4500
005 20260324133513.0
008 008 260324s9999 xx 000 0 eng d
020 _a9780203770481
037 _aEBOOK
040 _aCRL
040 _beng
040 _cCRL
041 _2eng
041 _aeng
084 _qCRL
100 _aAndre Robert
_91193349
245 0 _aRIVER PROCESSES
245 3 _bAn introduction to fluvial dynamics
260 _bTaylor and Francis
260 _c2003
365 _a
365 _b190
856 _uhttp://www.taylorfrancis.com/books/9780203770481
942 _cEBOOK
999 _c1792443
_d1792443